Ledelse og teknologi : innføring i organisasjon og ledelse for tekniske høyskoler /

Disimpan dalam:
Butiran Bibliografi
Pengarang Utama: Levin, Morten.
Pengarang-pengarang Lain: Fossen, Øystein., Gjersvik, Reidar.
Format: Buku
Bahasa:Norwegian
Diterbitkan: Oslo : Universitetsforlaget, 1997.
Edisi:3. oppl.
Subjek-subjek:
Penanda-penanda: Tambah Penanda
Tiada Penanda, Jadilah orang pertama menanda rekod ini!
LEADER 00959nam a2200301Ia 4500
001 007770638-2
005 20050510124159.0
008 041007s1997 no a b 001 0 nor d
020 |a 8200032973 
035 0 |a ocm56641696 
040 |a TEF  |c TEF 
050 4 |a HD58.8  |b .L48 1997 
090 |a HD58.8  |b .L48 1997 
100 1 |a Levin, Morten. 
245 1 0 |a Ledelse og teknologi :  |b innføring i organisasjon og ledelse for tekniske høyskoler /  |c Morten Levin, Øystein Fossen og Reidar Gjersvik. 
250 |a 3. oppl. 
260 |a Oslo :  |b Universitetsforlaget,  |c 1997. 
300 |a 319 p. :  |b ill. ;  |c 24 cm. 
504 |a Includes bibliographical references (p. [309]-312) and index. 
650 0 |a Organizational change. 
650 0 |a Diffusion of innovations. 
650 0 |a Knowledge management. 
650 0 |a Technological innovations. 
700 1 |a Fossen, Øystein. 
700 1 |a Gjersvik, Reidar. 
988 |a 20020608 
049 |a HLSS 
906 |0 OCLC